• 首页
  • 本馆介绍
  • 公告通知
  • 最新文献
  • 馆藏检索
  • 电子资源
  • 读者导购
  • 参考咨询
  • 我的图书馆
  • 登录
  • 详细信息显示
  • 放入我的书架
  • 预约/预借图书
  • 作者相关作品
  • 分类相关作品
  • 丛书相关作品
  • 出版社相关作品

书目信息

  • 表格格式
  • 工作单格式
  • 卡片格式
题名:
乐圣 —— 贝多芬
    
 
作者: ;图说名人系列编委会 编著
分册:  
出版信息: 海口   南海出版公司  2015
页数: 106页
开本: 23cm
丛书名: 图说名人
单 册:
中图分类: K835.165.76 , K835.16
科图分类:
主题词: 音乐家--yin yue jia--传记--德国--近代
电子资源:
ISBN: 978-7-5442-7941-3
000 00989nam 2200265 450
001 2351005355
005 20231109130726.98
010    @a978-7-5442-7941-3@dCNY36.00
100    @a20201020d2015 em y0chiy50 ea
101 0  @achi
102    @aCN@b460000
105    @aa z 000yb
200 1  @a乐圣 —— 贝多芬@Ayue sheng — — bei duo fen@f《图说名人》编委会编著
210    @a海口@c南海出版公司@d2015
215    @a106页@c彩图@d23cm
225 2  @a图说名人@Atu shuo ming ren
330    @a本书图文结合, 精选了与贝多芬紧密相关的各类图片, 再现了贝多芬传奇的一生, 包括天才少年的坎坷命运、独特的音乐探索期、不向命运低头的巨人等内容。
410  0 @12001 @a图说名人
600  1 @a贝多芬@Abei duo fen@g(Beethoven, ludwing Van),@f1770-1827@x传记
606 0  @a音乐家@Ayin yue jia@x传记@y德国@z近代
690    @aK835.165.76@v5
690    @aK835.16@v4
711 02 @a图说名人系列编委会@Atu shuo ming ren xi lie bian wei hui@4编著
801  0 @aCN@b山东中教@c20230928
905    @aBZT@dK835.16@e19
    
    乐圣 —— 贝多芬/《图说名人》编委会编著.-海口:南海出版公司,2015
    106页:彩图;23cm.-(图说名人)
    
    
    ISBN 978-7-5442-7941-3:CNY36.00
    本书图文结合, 精选了与贝多芬紧密相关的各类图片, 再现了贝多芬传奇的一生, 包括天才少年的坎坷命运、独特的音乐探索期、不向命运低头的巨人等内容。
●
相关链接 在五车中查询图书 在当当中查询图书 在豆瓣中查询图书


正题名:乐圣 —— 贝多芬     索取号:K835.16/19         预约/预借

序号 登录号 条形码 馆藏地/架位号 状态 备注
1 2000973599   2000973599   第四书库/四31架A面4层5列/ [索取号:K835.16/19] 在馆    
2 2000973600   2000973600   第四书库/四31架A面4层5列/ [索取号:K835.16/19] 在馆    
3 2000973601   2000973601   第四书库/四31架A面4层5列/ [索取号:K835.16/19] 在馆    
4 2000973602   2000973602   第四书库/四31架A面4层5列/ [索取号:K835.16/19] 在馆    
5 2000973603   2000973603   第四书库/四31架A面4层5列/ [索取号:K835.16/19] 在馆    
6 2000973604   2000973604   第四书库/四31架A面4层5列/ [索取号:K835.16/19] 在馆    
山东省滨州职业学院图书馆 欢迎您!
大连网信软件有限公司© 版权所有